Statystyki dla flagi afryka

Kliknij tutaj aby rozwiązać quiz!

Ogólne statystyki

  • Ten quiz został rozwiązany 12 razy
  • Średni wynik to 30 z 39

Statystyki odpowiedzi

Odpowiedź% Poprawnych
algieria
100%
maroko
100%
senegal
100%
tunezja
100%
angola
91%
ghana
91%
kenia
91%
niger
91%
nigeria
91%
uganda
91%
zambia
91%
burkina faso
82%
etiopia
82%
gabon
82%
gwinea
82%
gwinea rownikowa
82%
sudan
82%
benin
73%
gambia
73%
gwinea bissau
73%
liberia
73%
madagaskar
73%
mali
73%
mauritius
73%
mozambik
73%
rwanda
73%
seszele
73%
somalia
73%
zimbabwe
73%
burundi
64%
lesotho
64%
malawi
64%
sudan poludniowy
64%
togo
64%
erytrea
55%
namibia
55%
sierra leone
55%
wyspy swietego tomasza i ksiazeca
55%
komory
45%

Rozkład punktacji

Percentyl według liczby udzielonych odpowiedzi

Procent ludzi z każdym wynikiem

Twoja historia wyników

Nie rozwiązałeś tego quizu